Im Holozän ausgestorbene Tiere - Statistiken

Allgemein
  • Dieses Quiz wurde 28 mal gespielt
  • Das Durchschnittsergebnis liegt bei 7 aus 16
Antwortstatistiken
Bildquiz Hint Antwort % Korrekt
vor 10.500 Jahren Smilodon populator (Säbelzahntiger)
100%
vor 3700 Jahren Wollhaarmammut
100%
1662 Dodo
92%
1627 Auerochse
58%
1936 Beutelwolf
50%
vor 9800 Jahren Wollnashorn
50%
um 1450 Küstenmoa
42%
1883 Quagga
38%
vor 7700 Jahren Megaloceros giganteus (Riesenhirsch)
33%
1768 Stellers Seekuh
29%
1989 Goldkröte
21%
1852 Riesenalk
21%
1914 Wandertaube
21%
um 1000 Aepyornis maximus (Elefantenvogel)
17%
1918 Karolinasittich
13%
1909 Tarpan
8%
Keine übereinstimmenden Quizze gefunden
Verteilung der Resultate
Anzahl Personen mit jedem Resultat
Perzentil nach korrekt beantworteten Fragen
Ihre Resultats-Entwicklung
Sie haben dieses Quiz noch nicht gespielt